| 000 | 01236nam0a22002891 4500 | ||
|---|---|---|---|
| 001 | rc\3360136 | ||
| 005 | 20250609220944.0 | ||
| 021 |
_aRU _b[70-50383] |
||
| 035 | _a(NLR Aleph) 007525307 | ||
| 090 |
_a7738246 _c7738246 |
||
| 100 | _a20130115d1970 |||y0rusy50 ca | ||
| 101 | 0 | _arus | |
| 102 | _aRU | ||
| 105 | _ay z ||||| | ||
| 200 | 1 |
_aНародный музей В.И. Ленина _e[Пособие для учителей и студентов пединститута] _fM-во просвещения РСФСР. Чит. гос. пед. ин-т им. Н.Г. Чернышевского. Чит. обл. отд-ние Пед. о-ва РСФСР |
|
| 210 |
_aЧита _cБ. и. _d1970 |
||
| 215 |
_a111 с. _d20 |
||
| 320 | _aБиблиогр. в тексте | ||
| 532 | 1 | 0 | _aНародный музей Владимира Ильича Ленина |
| 606 |
_aМузеи Владимира Ильича Ленина на общественных началах _2psbo |
||
| 700 | 1 |
_aЛига _bБ.Л. _gБорис Львович |
|
| 702 | 1 |
_aЛенин _bВ.И. _f1870-1924 _gВладимир Ильич _4570 |
|
| 801 | 0 |
_aRU _bNLR _gpsbo |
|
| 801 | 1 |
_aRU _bELAR _2rusmarc |
|
| 852 |
_aNLR _j70-3/3552 |
||
| 942 | _cBOOK | ||
| 980 | _aNB | ||